Livro

El primer año de nuestro niño

Na minha lista:
Detalhes bibliográficos
Autor principal: Ricci, Giuseppe
Outros Autores: Tonucci, Francesco
Formato: Livro
Idioma:espanhol
Publicado em: Buenos Aires : Miño y Dávila, 1984
Edição:2a. ed.
Assuntos:

MARC

LEADER 00000nam#a2200000#a#4500
001 001198
005 20160721141921.0
008 950802s1984########################spa#d
020 |a 950946712X 
040 |a AR-BeUNQ 
099 |a 24-R3 
100 1 |a Ricci, Giuseppe 
245 0 3 |a El primer año de nuestro niño  |c Giuseppe Ricci, Francesco Tonucci. 
250 |a 2a. ed. 
260 |a Buenos Aires :  |b Miño y Dávila,  |c 1984 
300 |a 216 p 
650 7 |a CRECIMIENTO (FISIOLOGIA)  |2 spines 
650 7 |a PSICOFISIOLOGIA  |2 spines 
650 7 |a NIÑOS  |2 spines 
650 7 |a LACTANTES  |2 spines 
650 7 |a PADRES  |2 spines 
700 1 |a Tonucci, Francesco 
929 |a COMPRA  |b Miño y Dávila  |c Exp. 827-0420/95  |d 16,90  |e 19950707  |j 11611 
942 |c LIB  |n 0 
999 |c 3999  |d 79386